[Event "Hessen-ch U10"]
[Site "Bad Homburg"]
[Date "2013.??.??"]
[Round "1"]
[White "Wallrabenstein, Maja"]
[Black "Klee, Jonathan"]
[Result "0-1"]
[WhiteElo "885"]
[BlackElo "1110"]
[PlyCount "60"]
[EventDate "2013.03.??"]
[EventType "swiss"]
[EventRounds "9"]
[EventCountry "GER"]
[SourceTitle "EXT 2014"]
[Source "ChessBase"]
[SourceDate "2013.11.20"]
[SourceVersion "1"]
[SourceVersionDate "2013.11.20"]
[SourceQuality "1"]

1. d4 d5 2. Nf3 Nf6 3. Nc3 e6 4. Bf4 Bb4 5. Qd2 Ne4 6. Qe3 0-0 7. Nd2 Nxd2 8. Qxd2 Nd7 9. 0-0-0 Qf6 10. a3 Bxc3 11. Qxc3 Qxf4+ 12. e3 Qxf2 13. Rd2 Qe1+ 14. Rd1 Qxc3 15. bxc3 Nb6 16. Bd3 Na4 17. Kd2 Nb2 18. Rb1 Nxd3 19. cxd3 b6 20. Rhf1 Ba6 21. Rb2 h6 22. g3 Rac8 23. h4 c5 24. a4 cxd4 25. cxd4 Rc7 26. Rc1 Rxc1 27. Kxc1 Bxd3 28. Rd2 Ba6 29. Ra2 Bc4 30. g4 Bxa2 0-1

[Event "Hessen-ch U12"]
[Site "Bad Homburg"]
[Date "2012.??.??"]
[Round "9"]
[White "Bambey, Marius"]
[Black "Wallrabenstein, Maja"]
[Result "1/2-1/2"]
[WhiteElo "806"]
[BlackElo "991"]
[PlyCount "82"]
[EventDate "2012.04.??"]
[EventType "swiss"]
[EventRounds "9"]
[EventCountry "GER"]
[SourceTitle "EXT 2015"]
[Source "ChessBase"]
[SourceDate "2014.11.20"]
[SourceVersion "1"]
[SourceVersionDate "2014.11.20"]
[SourceQuality "1"]

1. e4 e5 2. Nf3 d6 3. Nc3 Nf6 4. Bb5+ Bd7 5. Bxd7+ Nbxd7 6. 0-0 Be7 7. d3 0-0 8. Bg5 Re8 9. Re1 h6 10. Bh4 c6 11. Qd2 Qa5 12. Nb1 Qxd2 13. Nbxd2 Rad8 14. Nc4 d5 15. exd5 cxd5 16. Ncxe5 Nxe5 17. Nxe5 Rc8 18. c3 Bd6 19. Nf3 g5 20. Bg3 Be7 21. Nd4 Rcd8 22. Nf5 Rd7 23. Nxh6+ Kg7 24. Nf5+ Kg6 25. Nxe7+ Rdxe7 26. Rxe7 Rxe7 27. c4 Re2 28. b3 Rd2 29. cxd5 Rxd3 30. d6 Ne8 31. h3 Nxd6 32. Bxd6 Rxd6 33. Rc1 Rd2 34. a3 Rb2 35. Rc3 Rb1+ 36. Kh2 f5 37. Kg3 Kh5 38. Kf3 Rb2 39. g4+ fxg4+ 40. hxg4+ Kh4 41. Rd3 Rb1 1/2-1/2

[Event "Hessen-ch U10"]
[Site "Bad Homburg"]
[Date "2012.??.??"]
[Round "3"]
[White "Wallrabenstein, Maja"]
[Black "Miltenberger, Alina"]
[Result "1-0"]
[WhiteElo "991"]
[BlackElo "762"]
[PlyCount "139"]
[EventDate "2012.04.??"]
[EventType "swiss"]
[EventRounds "9"]
[EventCountry "GER"]
[SourceTitle "EXT 2015"]
[Source "ChessBase"]
[SourceDate "2014.11.20"]
[SourceVersion "1"]
[SourceVersionDate "2014.11.20"]
[SourceQuality "1"]

1. d4 c6 2. Nf3 d5 3. Nc3 Bf5 4. Bf4 Nf6 5. e3 e6 6. Bd3 Bxd3 7. Qxd3 Nbd7 8. 0-0 Be7 9. Rad1 0-0 10. Rfe1 c5 11. Ng5 cxd4 12. exd4 h6 13. Nf3 Ng4 14. h3 e5 15. Bxe5 Ngxe5 16. dxe5 Bb4 17. Qxd5 Bxc3 18. bxc3 Nb6 19. Qxd8 Raxd8 20. Rxd8 Rxd8 21. e6 fxe6 22. Rxe6 Rd1+ 23. Re1 Rd8 24. Re7 Rc8 25. Rxb7 Rxc3 26. Rb8+ Kf7 27. Ne5+ Ke6 28. Re8+ Kf6 29. Ng4+ Kf7 30. Re2 Ra3 31. Ne5+ Kf6 32. Ng4+ Kf5 33. Re5+ Kf4 34. g3+ Kf3 35. Re3+ Rxe3 36. Nxe3 g5 37. c4 Nd7 38. Nf5 h5 39. Nd4+ Ke4 40. Nc6 Kd3 41. Nxa7 Kxc4 42. Kg2 Kd4 43. Kf3 Ne5+ 44. Ke2 Kc3 45. Nb5+ Kb2 46. a4 Nc4 47. Kf3 Ne5+ 48. Ke4 Nc4 49. Kf5 Kc2 50. Kxg5 Kd2 51. Kxh5 Ne5 52. a5 Nc6 53. a6 Kd3 54. f4 Ke4 55. Kg5 Kf3 56. f5 Kxg3 57. f6 Nd8 58. a7 Nf7+ 59. Kg6 Ne5+ 60. Kh7 Nf7 61. a8Q Ng5+ 62. Kg6 Ne6 63. f7 Nf4+ 64. Kf5 Nxh3 65. f8Q Nf2 66. Ke6 Ng4 67. Qa1 Ne3 68. Qg1+ Ng2 69. Qg8+ Kh3 70. Qh1# 1-0